Chemistry Terms A-Z - Statistics

General Stats
  • This quiz has been taken 913 times
  • The average score is 16 of 26
Answer Stats
Definition Term % Correct
A The smallest unit of matter Atom
97%
B A substance that has a pH greater than 7.0 Base
85%
K The SI unit of temperature Kelvin
82%
O Gaseous element whose atomic number is 8 Oxygen
82%
J The SI unit of energy Joule
80%
P Subatomic particle with a positive charge Proton
80%
N The dense center of an atom Nucleus
79%
L A substance with a fixed volume, but takes the shape of its container Liquid
75%
C A substance made up of two more chemically bonded elements Compound
74%
F The transition of a substance from a liquid to a solid Freezing
69%
I An atom with a different number of neutrons Isotope
69%
W A transparent liquid that is a common buffer; also required for life Water
68%
X Light radiation that lies between ultraviolet and gamma rays on the spectrum X-ray
63%
Z Metallic element whose atomic number is 30 Zinc
62%
Q What protons and neutrons are made up of Quark
61%
D The movement of particles from higher to lower concentration Diffusion
60%
R When an atom has an unstable nucleus and undergoes decay Radioactivity
59%
E The tendency of an atom to attract electrons Electronegativity
57%
V An electron in the highest, or outermost, energy level {Valence} electron
56%
M A substance with both properties of metals and nonmetals Metalloid
50%
Y The amount of product produced in a chemical reaction Yield
49%
G The lowest possible energy state of an atom {Ground} state
48%
H An element of Group 17. Its name means "salt former" Halogen
43%
S A mixture that is uniform throughout, also called a homogeneous mixture Solution
43%
U Created by Werner Heisenberg that states that the more one is property measured, the other is unknown {Uncertainty} principle
31%
T An element with an atomic number greater than 92 {Transuranium} element
10%
No matching quizzes found
Score Distribution
Percent of People with Each Score
Percentile by Number Answered
Your Score History
You have not taken this quiz